Normal view
MARC view
- التوحد عند الاطفال-الاطفال المعوقون- تعليم
Entry Topical Term
001 - CONTROL NUMBER
- control field: 26117
003 - CONTROL NUMBER IDENTIFIER
- control field: JO-AjAnu
005 - DATE AND TIME OF LATEST TRANSACTION
- control field: 20230606074443.0
008 - FIXED-LENGTH DATA ELEMENTS
- fixed length control field: 230606|| aca||aabn | a|a d
040 ## - CATALOGING SOURCE
- Original cataloging agency: JO-AjAnu
- Transcribing agency: JO-AjAnu
150 ## - HEADING--TOPICAL TERM
- Topical term or geographic name entry element: التوحد عند الاطفال-الاطفال المعوقون- تعليم
670 ## - SOURCE DATA FOUND
- Source citation: Work cat.: (JO-AjAnu)13423: عامر ، طارق, author 26116, الطفل التوحدي